000 01387nam a2200289 i 4500
001 170661
003 ES-MaACL
005 20250824040307.0
008 090327s1953 sp |||| | spa d
245 0 0 _aPiezas maestras del teatro teológico español /
_cselección, notas e introducción general de Nicolás González Ruiz.
250 _a2ª ed.
260 _aMadrid :
_b[La Editorial Católica],
_c1953.
300 _a2 v. ;
_c20 cm.
490 1 _aBiblioteca de autores cristianos ;
_v17-18
505 8 _aContiene: T. I. Autos Sacramentales. (Pedraza, Anónimos, Timoneda, Lope de Vega, Valdivielso, Tirso de Molina, Calderón, Mira de Amescua, Montalbán, Rojas, Moreto, Bances); T. II. Comedias. (Tirso de Molina, Mira de Amescua, Calderón de la Barca, Guillén de Castro, Ruiz de Alarcón, Cervantes, Lope de Vega)
600 1 4 _9113563
_aVega, Lope de,
_d1562-1635
600 1 4 _9226522
_aMolina, Tirso de,
_d1579-1648
600 1 4 _9239594
_aCalderón de la Barca, Pedro,
_d1600-1681
600 0 4 _9100719
_aRuiz de Alarcón y Mendoza, Juan
600 1 4 _9226514
_aCervantes Saavedra, Miguel de,
_d1547-1616
650 7 _aTeatro religioso español
_2embne
_917386
700 1 _aGonzález Ruiz, Nicolás,
_d1897-1967
_958946
830 0 0 _aBiblioteca de autores cristianos
_v17-18
_9178679
852 _aES-MaACL
_jJ-18-19
_9R.46092
942 _2udc
999 _c170661
_d170661